Rýchly život servíruje hotové jedlá
Spotrebitelia, ktorí nemajú čas alebo chuť variť, zamestnanci, ktorí sa potrebujú rýchlo najesť, ale aj seniori, ktorým sa neoplatí variť si iba pre jedného. Skupín zákazníkov, ktorí siahajú po hotových jedlách, je skutočne veľa a súčasný rýchly životný štýl ich rady rozširuje. Aj preto dopyt po výr...
Salvato in:
| Autore principale: | |
|---|---|
| Natura: | Capitolo di libro |
| Lingua: | slovacco |
| Soggetti: | |
| Tags: |
Nessun Tag, puoi essere il primo ad aggiungerne!!
|
MARC
| LEADER | 00000naa a2200000 4500 | ||
|---|---|---|---|
| 001 | 0306048 | ||
| 005 | 20250110112536.2 | ||
| 041 | 0 | |a slo | |
| 044 | |a CZ | ||
| 245 | 1 | 0 | |a Rýchly život servíruje hotové jedlá |c Tatiana Kapitánová |
| 520 | |a Spotrebitelia, ktorí nemajú čas alebo chuť variť, zamestnanci, ktorí sa potrebujú rýchlo najesť, ale aj seniori, ktorým sa neoplatí variť si iba pre jedného. Skupín zákazníkov, ktorí siahajú po hotových jedlách, je skutočne veľa a súčasný rýchly životný štýl ich rady rozširuje. Aj preto dopyt po výrobkoch ready-to-eat rastie a obchodníci aj výrobcovia sa tomuto trendu prispôsobujú. | ||
| 610 | 2 | 0 | |a štýl životný |
| 610 | 2 | 0 | |a dopyt spotrebiteľský |
| 610 | 2 | 0 | |a gastronómia |
| 610 | 2 | 0 | |a jedlá |
| 610 | 2 | 0 | |a potraviny mrazené |
| 610 | 2 | 0 | |a polotovary |
| 610 | 2 | 0 | |a kvalita tovaru |
| 100 | 1 | |a Kapitánová, Tatiana | |